wszyscy zdobywcy premier leauge od 1992 - Statystyki

Ogólne statystyki
  • Ten quiz został rozwiązany 164 razy
  • Średni wynik to 6 z 7
Statystyki odpowiedzi
liczba trofeów klub % Poprawnych
1 Liverpool
98%
13 Manchester United
98%
7 Manchester City
97%
3 Arsenal
94%
5 Chelsea
94%
1 Leicester City
62%
1 Blackburn
33%
Nie znaleziono quizów pasujących do podanych kryteriów
Rozkład punktacji
Procent ludzi z każdym wynikiem
Percentyl według liczby udzielonych odpowiedzi
Twoja historia wyników
Nie rozwiązałeś tego quizu